| 000 | 01290nam a22002537a 4500 | ||
|---|---|---|---|
| 003 | BJBSDDR | ||
| 005 | 20260423112005.0 | ||
| 007 | ta | ||
| 008 | 260423s2025 nyu||||| |||| 00| 0 eng d | ||
| 020 | _a9781454958840 | ||
| 020 | _a1454958847 | ||
| 040 |
_bspa _cBJBSDDR |
||
| 041 | _aeng | ||
| 050 | _bG371 2025 | ||
| 100 | 1 |
_aGerle, Andrew _948076 |
|
| 245 |
_aThe periodic table of Broadway musicals : _ban illustrated guide to 118 essential shows / _cAndrew Gerle, Joseph Zellnik, ilustrador Tatiana Bischak ( |
||
| 260 |
_a New York : _bUnion Square & Co, _c2025 |
||
| 505 | _aIntroduction and key The classics The hits The Broadway operas The canon The show biz series The leading ladies series The ensemble pieces The entertainers The true stories The groundbreakers | ||
| 520 | _a"Imagine the classic periodic table of elements--but instead of Chromium and Rhodium, it's A chorus line and Rent! This delightful and informative gift book, based on the bestselling viral poster series, will be a stunning showcase of art and content sure to thrill lovers of show tunes and everything Broadway and beyond. Includes a full-size pull-out poster | ||
| 700 | 1 |
_aZellnik, Joseph _948078 |
|
| 700 | 1 |
_aBischak, Tatiana _948079 |
|
| 942 |
_2lcc _n0 _cBK |
||
| 946 | _icmc | ||
| 999 |
_c126894 _d126894 |
||